000 02009cam a22004934i 4500
003 PE-LiUPU
005 20250731173455.0
008 150616s r 000 0 d
020 _a0943575761
035 _a(Sirsi) i9780943575766
040 _aPE-LiUPU
_bspa
_cPE-LiUPU
_erda
049 _aPRUA
082 0 4 _b
_221
100 1 _aBeasley-Murray, G.R.,
_eautor.
245 1 0 _aGospel of Life :
_bTheology in the Fourth Gospel /
_cG. R. Beasley-Murray.
264 1 _aMassachusetts :
_bHendrickson Publishers,
_c1991.
300 _a131 páginas ;
_c21 centímetros
336 _atext
_2rdacontent
337 _aunmediated
_2rdamedia
338 _avolume
_2rdacarrier
505 0 _aThe gospel of life 1 -- The mission of the son of God -- The lifting up of the son of man -- The ministry of the Holy Spirit -- Cchurch and ministry in the fourth gospel -- Sacraments in the fourth gospel -- Scripture indez.
526 _aSEG42
526 _aSEG41
526 _aSEG40
526 _aSEG39
526 _aP94
526 _aP87
526 _aP86
526 _aP85
526 _aP77
526 _aP76
526 _aP35
630 _aBiblia.
_pN.T.
_pJuan
_xTEOLOGIA.
910 _ajck
_bjvq
_cjck
942 _2ddc
_cBOOK
949 _a226.506 B29
_wDEWEY
_c1
_i47175
_lCCODEBUL1
_mBUL
_r0
_sY
_tBOOK
_u2015-4-23
_xTEOLOGIA
_zUNKNOWN
_0COMPRA
_o.STAFF. Colección General
949 _a226.506 B29
_wDEWEY
_c2
_i39942
_lCCODEBUL1
_mBUL
_r0
_sY
_tBOOK
_u2015-6-16
_xTEOLOGIA
_zUNKNOWN
_0COMPRA
_o.STAFF. Colección General
994 _aC0
_bPEPRU
596 _a1
999 _a226.506 B29
_wDEWEY
_c57718
_i47175
_f2021-11-9
_g5
_lCCODEBUL1
_mBUL
_r0
_sY
_tBOOK
_u2015-4-23
_xTEOLOGIA
_zUNKNOWN
_0COMPRA
_o.STAFF. Colección General
_d57718
999 _a226.506 B29
_wDEWEY
_c2
_i39942
_f2021-11-9
_g5
_lCCODEBUL1
_mBUL
_r0
_sY
_tBOOK
_u2015-6-16
_xTEOLOGIA
_zUNKNOWN
_0COMPRA
_o.STAFF. Colección General
980 _81
_gALBERTO SANCHEZ Responsable de Automatización